000 00855nam a2200241Ia 4500
003 OSt
005 20221005112326.0
006 a|||||r|||| 00| 0
007 ta
008 221004b |||||||| |||| 00| 0 pan d
020 _a9788178562742
_c500
024 _a106251
037 _b503, 02/02/2011, H.K. Prakashan
_cTextual
040 _aCRL
_cCRL
_bpan
041 _2pan
_apan
082 _aQ8441:21:g, 153Q0
100 _aਬ੍ਰਹਮਜਗਦੀ ਸਿੰਘ
245 0 _aਸ੍ਰੀ ਗੁਰੂ ਗ੍ਰੰਥ ਸਾਹਿਬ ਬੋਧ ਦਬਪਣ
260 _aਅੰਮ੍ਰਿਤਸਰ
_bਵਾਰਿਸ ਾਹ ਭਾਰਤ
_c2010
300 _a168ਪੰ
_ccm.
942 _hQ8441:21:g, 153Q0
_cTEXL
_2cc
999 _c1024556
_d1024556